000 00615nam a2200253Ia 4500
005 20260121153837.0
008 008 260114s9999 xx 000 0 eng d
020 _a9780429034244
037 _aEBOOK
040 _aCRL
040 _beng
040 _cCRL
041 _2eng
041 _aeng
084 _qCRL
100 _aLori Fisler Damrosch
_9999830
245 0 _aLaw And Force In The New International Order
260 _bTaylor and Francis
260 _c1992
856 _uhttp://www.taylorfrancis.com/books/9780429034244
942 _cEBOOK
999 _c1566651
_d1566651